000 00355 a2200157 4500
001 48948
020 _a85-00-62860-X
040 _cAnchieta - Bela Vista
100 _aMachado, Ana Maria
240 1 0 _aGente bem diferente
_lpor
245 1 0 _aGente bem diferente
300 _a30
362 0 _a2004
650 4 _aLiteratura infanto-juvenil
942 _cBK
999 _c48948
_d48948